Tytuły piosenek z nazwami kolorów - Statystyki

Ogólne statystyki
  • Ten quiz został rozwiązany 70 razy
  • Średni wynik to 14 z 30
Statystyki odpowiedzi
Lp. Wykonawca Nazwa utworu % Poprawnych
1 AC/DC Back in {Black}
93%
5 Electric Light Orchestra Mr. {Blue} Sky
85%
2 The Beatles {Yellow} Submarine
81%
3 Prince {Purple} Rain
78%
16 Chris de Burgh Lady In {Red}
73%
8 The Rolling Stones Pain It {Black}
71%
9 Billy Talent {Red} Flag
66%
10 Van Morrison {Brown} Eyed Girl
63%
4 Coldplay {Yellow}
61%
12 UB40 {Red} {Red} Wine
58%
20 Uriah Heep Lady in {Black}
54%
17 Jefferson Airplane {White} Rabbit
54%
6 My Chemical Romance Welcome to {Black} Parade
51%
24 The Who Behind {Blue} Eyes
49%
11 Alannah Myles {Black} Velvet
49%
30 Metallica Fade to {Black}
47%
28 Eiffel 65 {Blue}
46%
15 Soundgarden {Black} Hole Sun
41%
25 The Rolling Stones {Brown} Sugar
34%
27 Billy Idol {White} Wedding
32%
21 Ram Jam {Black} Betty
31%
14 Jimi Hendrix {Purple} Haze
31%
7 Procol Harum {White}r Shade of Pale
31%
22 Elton John Goodbye {Yellow} Brick Road
24%
23 Visage Fade to {Grey}
17%
29 Lorde {Green} Light
17%
26 Aerosmith {Pink}
14%
18 Rainbow Man On A {Silver} Mountain
12%
13 R.E.M {Orange} Crush
10%
19 The Black Keys {Gold} On A Ceiling
5%
Nie znaleziono quizów pasujących do podanych kryteriów
Rozkład punktacji
Procent ludzi z każdym wynikiem
Percentyl według liczby udzielonych odpowiedzi
Twoja historia wyników
Nie rozwiązałeś tego quizu